| 000 -LEADER |
| fixed length control field |
00983cam a2200217 i 4500 |
| 001 - CONTROL NUMBER |
| control field |
17997536 |
| 005 - DATE AND TIME OF LATEST TRANSACTION |
| control field |
20221114112038.0 |
| 008 - FIXED-LENGTH DATA ELEMENTS--GENERAL INFORMATION |
| fixed length control field |
140114s2013 inu b 001 0 eng d |
| 020 ## - INTERNATIONAL STANDARD BOOK NUMBER |
| International Standard Book Number |
9780253009722x |
| 041 ## - LANGUAGE CODE |
| Language code of text/sound track or separate title |
eng |
| 080 ## - UNIVERSAL DECIMAL CLASSIFICATION NUMBER |
| Universal Decimal Classification number |
32 St-81 |
| 100 1# - MAIN ENTRY--PERSONAL NAME |
| Personal name |
Staab, Andreas |
| Dates associated with a name |
|
| 9 (RLIN) |
10870 |
| 245 14 - TITLE STATEMENT |
| Title |
The European Union explained : |
| Remainder of title |
institutions, actors, global impact / |
| Statement of responsibility, etc. |
Andreas Staab. |
| 250 ## - EDITION STATEMENT |
| Edition statement |
Third edition. |
| 264 #1 - PRODUCTION, PUBLICATION, DISTRIBUTION, MANUFACTURE, AND COPYRIGHT NOTICE |
| Place of production, publication, distribution, manufacture |
Bloomington, Indiana : |
| Name of producer, publisher, distributor, manufacturer |
Indiana University Press, |
| Date of production, publication, distribution, manufacture, or copyright notice |
2013. |
| 300 ## - PHYSICAL DESCRIPTION |
| Extent |
236 pages ; |
| Dimensions |
24 cm. |
| 653 ## - INDEX TERM--UNCONTROLLED |
| keyword |
The European Union Explained : Institutions, Actors, Global Impact |
| 653 ## - INDEX TERM--UNCONTROLLED |
| keyword |
ევროკავშირის ახსნა : ინსტიტუტები, მსახიობები, გლობალური ზემოქმედება |
| 653 ## - INDEX TERM--UNCONTROLLED |
| keyword |
Объяснение Европейского союза : институты, участники, глобальное воздействие |
| 942 ## - ADDED ENTRY ELEMENTS (KOHA) |
| Source of classification or shelving scheme |
|
| Koha item type |
წიგნი |